000 00372nam a2200133 a 4500
090 _aLB
_b05058
041 _aeng
100 _aMartin, John C.
_992389
245 _aTaxonomic revision of the Triaspidine braconid wasps of nearctic America (Hymenoptera)
260 _aOttawa
_bCanada Department of Agriculture
_c1956
300 _a157 p.
942 _cIMPRESO
945 _d1956
999 _c5815
_d5815